Réponse avec une double lettre - de A à Z - Statistiques

Statistiques générales
  • Ce quiz a été pris 97 fois
  • Le résultat moyen est 13 sur 25
Statistiques - réponses
Lettre Indice Réponse % Correct
B Groupe de Disco Suédois Abba
93%
J Abréviation pour Jean-Jacques Goldman JJG
82%
A Le roi Arthur a formé la table ronde pour le trouver Graal
80%
X Très grande taille de vêtement XXL
75%
N Mot souvent désigné comme le plus long de la langue française Anticonstitutionnellement
74%
Z Calzone, Reine ou Margarita par exemple Pizza
70%
F Rendre physiquement ou moralement moins fort Affaiblir
68%
E Youtubeur numéro 2 en France en 2025 Squeezie
65%
K Navire des Vikings, à voile carrée et à rames Drakkar
62%
M Prénom de Madame Bovary. Emma
62%
I Souvent opposé à Sunnite Chiite
61%
P Mouvement des années 60, également appelé en France mouvement baba-cool Hippie
60%
L Inventeur du téléphone Alexander Graham Bell
58%
V Ecrire : 25 + 5 en chiffre romain (pas la réponse, seulement la question) XXV + V
57%
O Terme péjoratif, souvent utilisé dans les jeux vidéo pour désigné un joueur débutant ou n'ayant pas de compétences Noob
54%
G Urbaine, elle désigne un ensemble comprenant la commune-centre et sa banlieue Agglomération
51%
S Interprète de "Les copains d'abord" Brassens
42%
D Neveu de Donkey Kong Diddy Kong
38%
R Chef-lieu de l'Yonne Auxerre
33%
W Acronyme de l'entreprise américaine spécialisée dans l'organisation d'événements de divertissement, principalement de catch. WWE
33%
U Le ... espace-temps est le concept central de la théorie de la relativité d'Einstein Continuum
21%
Y Dynastie arabe qui gouverne le monde musulman de 661 à 750 Omeyyade
15%
C Instrument de musique ou Satan Junior dans Dragon Ball Piccolo
14%
T Pokémon électrique, forme précédent Lainergie. Wattouat
14%
H Syndrome qui amène un parent à exagérer ou provoquer des problèmes de santé sérieux chez son enfant, dans un désir d'attirer l'attention ou la compassion Münchhausen
7%
Aucun quiz correspondant
Distribution des résultats
% des personnes avec chaque résultat
Percentile par nombre de réponses
Votre historique - résultats
Vous n’avez pas pris ce quiz